Актёры по их главным ролям в фильмах - Statistics

General Stats
  • This quiz has been taken 176 times
  • The average score is 8 of 16
Answer Stats
актёр фильмы, где они сыграли главную роль/одну из главных ролей % Correct
Арнольд Шварценеггер "Терминатор", "Правдивая ложь", "Джуниор"
90%
Джим Керри "Маска", "Лжец, лжец", "Брюс всемогущий"
76%
Том Круз "Человек дождя", "Миссия невыполнима", "Фирма"
74%
Сильвестр Сталлоне "Рокки", "Рэмбо", "Неудержимые"
73%
Юрий Никулин "Бриллиантовая рука", "Старики-разбойники", "Они сражались за родину"
67%
Райан Гослинг "Драйв", "Бегущий по лезвию 2049", "Ларс и настоящая девушка"
63%
Евгений Леонов "Джентльмены удачи", "Обыкновенное чудо", "Кин-дза-дза"
59%
Андрей Миронов "Фантазии Фарятьева", "12 стульев", "Блондинка за углом"
44%
Роберт де Ниро "Таксист", "Славные парни", "Казино"
41%
Джеймс МакЭвой "Грязь", "Сплит", "Последний король Шотландии"
35%
Андрей Мягков "Ирония судьбы, или С лёгким паром", "Служебный роман", "Гараж"
33%
Олег Янковский "Тот самый Мюнхгаузен", "Зеркало", "Убить дракона"
32%
Курт Рассел "Побег из Нью-Йорка", "Нечто", "За бортом"
25%
Олег Даль "Не может быть", "Расписание на послезавтра", "Приключения принца Флоризеля"
20%
Леонид Броневой "Семнадцать мгновений весны", "Покровские ворота", "Чичерин"
20%
Анатолий Солоницын "Сталкер", "Андрей Рублёв", "Свой среди чужих, чужой среди своих"
11%
No matching quizzes found
Score Distribution
Percent of People with Each Score
Percentile by Number Answered
Your Score History
You have not taken this quiz